| 000 | 01333cam a2200397 a 4500 | ||
|---|---|---|---|
| 999 |
_c129435 _d129435 |
||
| 001 | 1476787 | ||
| 003 | ARRUPE | ||
| 005 | 20190424140447.0 | ||
| 008 | 870317r19871974nyu b 001 0 eng c | ||
| 010 | _a 87007724 | ||
| 020 |
_a0393700410 : _c$32.95 |
||
| 040 |
_aDNLM/DLC _cDLC _dDLC |
||
| 050 | 0 | 0 |
_aRJ503 _b.K64 1987 |
| 060 | _aWM 460.5.E3 K79e | ||
| 082 | 0 | 0 |
_a616.89/14/088055 _219 |
| 100 | 1 |
_aKohut, Heinz. _945916 |
|
| 245 | 1 | 4 |
_aThe Kohut seminars on self psychology and psychotherapy with adolescents and young adults / _cedited by Miriam Elson. |
| 250 | _a1st ed. | ||
| 260 |
_aNew York : _bW.W. Norton, _cc1987. |
||
| 300 |
_axiii, 318 p. ; _c24 cm. |
||
| 500 | _aOriginally published: Self esteem and ideals. [Chicago?] : M. Elson, c1974. | ||
| 500 | _a"A Norton professional book"--P. facing t.p. | ||
| 500 | _aIncludes index. | ||
| 504 | _aBibliography: p. 310-312. | ||
| 600 | 1 | 0 |
_aKohut, Heinz. _945916 |
| 650 | 0 |
_aAdolescent psychotherapy. _945917 |
|
| 650 | 0 |
_aSelf psychology. _945652 |
|
| 650 | 2 |
_aEgo. _945918 |
|
| 650 | 2 |
_aNarcissism. _945919 |
|
| 650 | 2 |
_aPsychoanalytic Therapy. _945920 |
|
| 650 | 2 |
_aSelf Concept. _945921 |
|
| 700 | 1 |
_aElson, Miriam. _945922 |
|
| 700 | 1 |
_aKohut, Heinz. _tSelf esteem and ideals. _945923 |
|
| 740 | 0 | _aKohut seminars. | |
| 906 |
_a7 _bcbc _corignew _d1 _eocip _f19 _gy-gencatlg |
||
| 942 |
_2lcc _cMONOGRAPH |
||